| 000 | 00926cam a22001931 4500 | ||
|---|---|---|---|
| 082 |
_a953 _bHAR _cD |
||
| 100 | 1 | _aLiddell Hart, Basil Henry, | |
| 245 | 1 | 0 |
_a'T. E. Lawrence' in Arabia and after, _cby Liddell Hart. |
| 260 |
_aLondon, _bJ. Cape _c[1936] |
||
| 300 |
_a2 p. l., 3-491 p. _bfront., plates, ports., maps (part fold.) _c22.5 cm. |
||
| 490 | 0 | _aAcademy books. | |
| 500 | _a"First published March 1934 ... third impression March 1934; reissued in Academy books, May 1935; reprinted ... September 1935; new and enlarged edition, December 1935; reprinted March 1936." | ||
| 500 | _aAmerican edition (New York, Dodd, Mead & company) has title: Colonel Lawrence, the man behind the legend. | ||
| 526 |
_a0 _b0 _c0 _d953_000000000000000_HAR |
||
| 650 | 0 |
_aMCE _9379 |
|
| 650 | 0 |
_aWorld War, 1914-1918 _xCampaigns _zArabian Peninsula. _949773 |
|
| 650 | 0 |
_aWorld War, 1914-1918 _zArabian Peninsula. _949774 |
|
| 942 |
_2ddc _cBK |
||
| 999 |
_c552540 _d552540 |
||